Science Quiz

Random Science or Anatomy Quiz
Score 0/11 Timer 10:00
0 Plays Today
Questions Answer % Correct
A trench or channel is known as a...fossa
66.7%
A prominence or projection....process
50%
An eminance on a bone, found above its condyleepicondyle
50%
A flat process or a short conical process is known as a...trochanter
33.3%
An elevation or protuberance, especially one on a bone where muscle is attached is known as..tuberosity
33.3%
a small module or eminence especially on a for the attachment of a tendon is known as a...tubercule
33.3%
a rounded projection on a bonecondyle
33.3%
A long slender part aka the diaphysis shaft
33.3%
A slender thorn like process or projection...spine
16.7%
a small plane surface on a hard bodyfacet
16.7%
A small natural passage or openingforeamen
16.7%
Remove Ads.
Support Sporcle.
Get the best of Sporcle when you Go Orange. This ad-free experience offers more features, more stats, and more fun while also helping to support Sporcle. Thank you for becoming a member.

You're not logged in!

Compare scores with friends on all Sporcle quizzes.
OR
Log In

Show Comments

Extras

Created Dec 21, 2014ReportNominate
Tags:Anatomy Quiz

Top Quizzes Today


Score Distribution

Your Account Isn't Verified!

In order to create a playlist on Sporcle, you need to verify the email address you used during registration. Go to your Sporcle Settings to finish the process.

Report this User

Report this user for behavior that violates our Community Guidelines.

Details: